Dinossauros para jovens (Registo nº 536)

Detalhes MARC
000 -Etiqueta do registo
Cabeçalho 00654nam0a22002771 4500
005 - Identificador da versão
Campo de controlo 20240813121805.0
010 ## - Número internacional normalizado dos livros (ISBN)
Número (ISBN) 9722014439
021 ## - Número do Depósito Legal
Código do país PT
Número 121 165/98
035 ## - Other System Control Numbers
System Control Number 0000554
System Control Number 0000551
System Control Number 0000551
System Control Number 0000543
100 ## - Dados gerais de processamento
Dados gerais de processamento 20050502d a e0pory5003 ba
102 ## - Pais de publicação ou produção
País de publicação Portugal
101 1# - Língua de publicação
Língua do texto, banda sonora, etc. Português
Língua do documento no original Inglês
106 ## - Campo de dados codificados: material textual
Dados codificados do material textual r
105 ## - Campo de dados codificados: livros
Dados codificados dos livros y z 001yy
215 ## - Descrição física 
Indicação específica da natureza do documento e extensão da espécie p. 238
Dimensões cm
200 1# - Titulo e menção de responsabilidade
Título próprio Dinossauros para jovens
Primeira menção de responsabilidade Janice VanCleave
225 2# - Colecção 
Título próprio da colecção Ciência para jovens
Indicação de volume 10
205 ## - Menção da edição
Menção da edição 1ª edição
210 ## - Publicação, Distribuição, etc. 
Lugar da edição, distribuição, etc. Lisboa
Nome do editor, distribuidor, etc. Publicações D.Quixote
Data da publicação, distribuição, etc. 1998
942 ## - Elementos de entrada adicionados (Koha)
Tipo de item no Koha Livro
Exemplares
Situação do levantamento Origin of item (home branch) (coded) Biblioteca de empréstimo Código de barras Circulation type (not for loan) Tipo de documento Nota do exemplar Damaged status
  Biblioteca Escolar Eng. Nuno Mergulhão Biblioteca Escolar Eng. Nuno Mergulhão BENM651   Livro Sem mensagem